Detalles MARC
| 000 -LIDER |
| fixed length control field |
01147nam a2200325 a 4500 |
| 001 - NÚMERO DE CONTROL |
| Identificador de número de control |
000017177 |
| 003 - IDENTIFICACDOR DE NÚMERO DE CONTROL |
| control field |
DO-SdBNP |
| 005 - DATE AND TIME OF LATEST TRANSACTION |
| control field |
20220909100113.0 |
| 007 - CAMPOS FIJOS DE DESCRIPCIÓN FÍSICA |
| fixed length control field |
|
| 008 - ELEMENTOS DE LONGITUD FIJA |
| fixed length control field |
100319s2015 dr a r 000 0 spa d |
| 040 ## - FUENTE DE CATALOGACIÓN |
| Agencia que crea de manera original el registro |
DO-SdBNP |
| Idioma de catalogación |
spa |
| Agencia que realiza la transcripción |
BNPHU |
| 082 ## - NÚMERO DE CLASIFICACIÓN DECIMAL DE DEWEY |
| Classification number |
321.8 |
| Item number |
F363d 2015 |
| Edition number |
22 |
| 100 ## - ASIENTO PRINCIPAL -- NOMBRE PERSONAL |
| Nombre personal |
Fernández, Leonel, |
| Fechas asociadas con el nombre |
1953- |
| 100 z# - ASIENTO PRINCIPAL -- NOMBRE PERSONAL |
| Nombre personal |
Fernández Reyna, Leonel |
| 100 z# - ASIENTO PRINCIPAL -- NOMBRE PERSONAL |
| Nombre personal |
Reyna, Leonel Fernández |
| 245 10 - MENCIÓN DE TITULO |
| Título |
Democracia, modernidad y progreso : |
| Subtítulo |
discursos del presidente Leonel Fernández / |
| Mención de responsabilidad |
Leonel Fernández ;prólogo Rafael Núñez. |
| 250 ## - MENCIÓN DE EDICION |
| Mención de edición |
2a. ed. |
| 260 ## - PUBLICACIÓN, DISTRIBUCIÓN, ETC. (PIE DE IMPRENTA) |
| Lugar de publicación, distribución, etc |
Santo Domingo : |
| Nombre del editor, distribuidor, etc. |
FUNGLODE, |
| Fecha de publicación, distribución, etc |
2015. |
| 300 ## - DESCRIPCIÓN FÍSICA |
| Extensión |
v. : |
| Otros detalles físicos |
il. ; |
| Dimensiones |
24 cm. |
| 490 ## - MENCIÓN DE SERIES |
| Mención de serie |
Democracia |
| 500 ## - NOTA GENERAL |
| Materiales especificados |
Incluye datos biográficos del autor en la solapa de la cubierta |
| 590 ## - NOTA LOCAL |
| Texto de la nota local |
inventariado, 2022/VM |
| 600 14 - ENCABEZAMIENTO DE MATERIA--NOMBRE PERSONAL |
| Nombre personal |
Fernández, Leonel |
| Fechas asociadas con el nombre |
1953- |
| Subdivisión de forma |
Discursos |
| 650 #4 - ENCABEZAMIENTO DE MATERIA--TEMÁTICO |
| Término temático o nombre geográfico como elemento de entrada |
Gobernanza |
| Subdivisión temática general |
Democracia. |
| 651 #4 - ENCABEZAMIENTO DE MATERIA--NOMBRE GEOGRÁFICO |
| Nombre geográfico |
República Dominicana |
| Subdivisión temática general |
Política y gobierno |
| Subdivisión cronológica |
2008-2012 |
| 700 1# - ASIENTO SECUNDARIO -- NOMBRE PERSONAL |
| Nombre personal |
Núñez, Rafael |
| Mención de responsabilidad |
pról. |
| 710 2# - ASIENTO SECUNDARIO -- NOMBRE CORPORATIVO |
| Nombre corporativo o de jurisdicción |
Fundación Global Democracia y Desarrollo (República Dominicana) |
| 910 ## - VALIDACIÓN |
| Validación |
VMateo V. /Validado |
| 942 ## - ADDED ENTRY ELEMENTS (KOHA) |
| Source of classification or shelving scheme |
Dewey Decimal Classification |
| Koha item type |
Libros |